000 02039nam0a22005171 4500
001 RU\NLR\A1SV\130004
005 20260406135330.0
035 _a(NLR Aleph) 010520769
090 _a10213133
_c10213133
100 _a20141022d1923 u y0rusy50 ca
101 1 _arus
_cger
102 _aRU
135 _acrmn mmmanaba
200 1 _aОсновные психологические теории в психоанализе
_e(Сб. ст.)
_fSigmund Freud
_gПер. д-ра М.В.Вульфа
_gС вступ. ст. проф. И.Д.Ермакова
210 _aМ.
_aПг.
_cГос. изд-во
_d1923
215 _a206, [1] с.
_cсхем.
_d22 см
225 _aПсихол. и психоаналит. б-ка
_fПод ред. проф. Ив. Дм. Ермакова
_vВып.3
300 _aНапеч. в Москве
325 _aКопия доступна в Электрон. б-ке РНБ
620 _dМосква
620 _dСанкт-Петербург
700 1 _4070
_8rus
_7ca
_aФрейд
_bЗ.
_f1856-1939
_gЗигмунд
_3RU\NLR\AUTH\772621
_9112631
702 1 _aЕрмаков
_bИ.Д.
_f1875-1942
_gИван Дмитриевич
702 1 _aВульф
_bМ.В.
790 1 _4070
_8ger
_7ba
_aFreud
_bS.
_f1856-1939
_gSigmund
_3RU\NLR\AUTH\772622
_9112632
801 0 _aRU
_bNLR
_c20141022
852 _aNLR
_j38.29.4.21-3
852 _aNLR
_j105/448-3
852 _aNLR
_j114/4
852 _aNLR
_jМф К-1/567
852 _aNLR
_jМф К-1/567а
856 0 _uhttp://vivaldi.nlr.ru/bx700000003/view
856 1 _uhttp://vivaldi.nlr.ru/bx700000003/cover
856 2 _uhttp://vivaldi.nlr.ru/bx700000003/text
899 _aМГУ
899 _aСамОУНБ
899 _aУОНБ
899 _aАКУНБ
899 _aНБ РК
899 _aРГБ
942 _cBOOK
980 _aNB
980 _aA1SV
981 2 2 _a(22) Материалы по истории России
_b(22) Культура. Наука. Просвещение.